000 00522nam a2200169 i 4500
001 81472
003 ES-MaACL
005 20230906174437.0
007 t|
008 041104s1930 sp ||||1| spa d
100 1 _aHuarte de San Juan, Juan.
_964470
245 1 0 _aExamen de ingenios para las ciencias /
_cJuan Huarte de San Juan.
250 _aEd. comparada de la Príncipe (Baesa 1575) y Sub-Príncipe (Baesa 1594).
260 _aMadrid :
_bLa Rafa,
_c1930.
300 _a2 v. ;
_c24 cm.
852 _aES-MaACL
_jA-201-02
999 _c81472
_d81472